LEADER 02793nam0 22004333i 450 001 BVEE041983 005 20170908093222.0 012 $asee- o-si *-eu diex (3) 1638 (R)$2fei$9*=AE 100 $a20070309d1638 ||||0itac50 ba 101 | $alat 102 $anl 181 1$6z01$ai $bxxxe 182 1$6z01$an 200 1 $aResponsum ad hoplocrisma-spongum M. Fosteri presbiteri, ab ipso, ad vnguenti armarij validatem delendam ordinatum. hoc est, spongiæ M. Fosteri presbyteri expressio seu elisio. ... Authore, Rob. Flud: alias de Fluctibus, Armigero & medicinæ doctore Oxoniensi 210 $aGoudae$cexcudebat Petrus Rammazenius, bibliopola$d1638 215 $a30, [1] c.$d2º 300 $aMarca non controllata (La Verità) sul front 300 $aSegn.: A-G⁴H²χ²(-χ2) 300 $aL'ultima c. contiene l'errata anche di *Philosophia moysiaca" dello stesso A., pubblicato nello stesso anno dal medesimo editore. 316 $a1 v. - Legato con: Fludd Robert, Philosophia Maysaica, Gauda, 1638. - Timbro RB sul front.$5IT-NA0079, SALA FARN.25. G 0013 620 $aNL$dGouda$3BVEL001272 700 1$aFludd$b, Robert$f <1574-1637>$3CFIV179547$4070$0716825 712 02$aRammazeyn, Pieter$3BVEV091127$4650 790 1$aRammasenius$b, *Petrus$3BVEV148810$zRammazeyn, Pieter 790 1$aFluctibus$b, Robert : de$3BVEV091132$zFludd, Robert <1574-1637> 790 1$aFlud$b, Robert$3BVEV091133$zFludd, Robert <1574-1637> 790 1$aFrizius$b, Joachim$3RAVV681644$zFludd, Robert <1574-1637> 791 02$aRammazenius, Petrus$3BVEV091130$zRammazeyn, Pieter 791 02$aJansz, Pieter$3BVEV149160$zRammazeyn, Pieter 801 3$aIT$bIT-NA0079$c20070309 850 $aIT-NA0079 899 1$aBiblioteca Nazionale Vittorio Emanuele III$bNA0079$eS$uhttp://books.google.com/books?vid=IBNN:BNA01001454849 912 $aBVEE041983 921 $aSBNM000001$bMarca non controllata$cS2$dSul front. 950 0$aBiblioteca Nazionale Vittorio Emanuele III$c1 v.$d BNSALA FARN.25. G 0013$e BNA010014548495 B (2 1 v. - Legato con: Fludd Robert, Philosophia Maysaica, Gauda, 1638. - Timbro RB sul front.$fC $h20070309$i20070309 956 $aBiblioteca Nazionale Vittorio Emanuele III$b1$cBNTD$d$eBNA01001454849$uhttp://books.google.com/books?vid=IBNN:BNA01001454849$z BNSALA FARN.25. G 0013 977 $a BN 996 $aResponsum ad hoplocrisma-spongum M. Fosteri presbiteri, ab ipso, ad vnguenti armarij validatem delendam ordinatum. hoc est, spongiæ M. Fosteri presbyteri expressio seu elisio. ... Authore, Rob. Flud: alias de Fluctibus, Armigero & medicinæ doctore Oxoniensi$91481545 997 $aUNISANNIO LEADER 02821 am 2200445 n 450 001 9910353344803321 005 20190906 010 $a2-271-13025-5 024 7 $a10.4000/books.editionscnrs.24961 035 $a(CKB)4100000009913977 035 $a(FrMaCLE)OB-editionscnrs-24961 035 $a(oapen)https://directory.doabooks.org/handle/20.500.12854/43597 035 $a(PPN)241656508 035 $a(EXLCZ)994100000009913977 100 $a20191128j|||||||| ||| 0 101 0 $afre 135 $auu||||||m|||| 181 $ctxt$2rdacontent 182 $cc$2rdamedia 183 $acr$2rdacarrier 200 13$aLa communication, point aveugle du mtier de chercheur $eMmoires et leons d'un sminaire pluridisciplinaire /$fric Dacheux, lise Aspord 210 $aParis $cCNRS ditions$d2019 215 $a1 online resource (238 p.) 311 $a2-271-08240-4 330 $aSductrice, simplificatrice, inutile et surfaite, la communication est pare de tous les vices. Le chercheur n'y voit souvent qu'une contrainte institutionnelle, une obligation. Et pourtant, elle rside au c?ur mme de la science. Du thsard, changeant avec son directeur, au prix Nobel, interview par les grands mdias, en passant par les colloques internationaux, elle est le trait professionnel commun tous les chercheurs. Et, si l'on s'intresse la dimension cognitive de la communication scientifique (le travail interdisciplinaire), sa dimension culturelle (la vulgarisation scientifique) ou sa dimension politique (les controverses dans l'espace public), on pense rarement la communication comme pratique professionnelle. Depuis 2009, un sminaire exprimental, soutenu par l'ISCC et install en Auvergne, conduit une recherche d'pistmologie compare sur cette pratique professionnelle peu tudie. Cet ouvrage collectif en tire les principaux enseignements et runit les rflexions d'une communaut ouverte de chercheurs, issus aussi bien des mathmatiques, de l'histoire de l'art que de la biologie, de la linguistique ou des sciences de la communication. Objet de mmoire et de dcouverte, cet ouvrage donne voir les chemins emprunts pour construire le savoir et dvoile un point aveugle, sinon impens, du mtier de chercheur. 606 $aCommunication in science$vCongresses 610 $avulgarisation scientifique 610 $ascience 610 $apistmologie 610 $acolloque 610 $amdia 610 $acommunication 615 0$aCommunication in science 700 $aDacheux$b ric$01282311 701 $aAspord$b lise$01294970 801 0$bFR-FrMaCLE 906 $aBOOK 912 $a9910353344803321 996 $aLa communication, point aveugle du mtier de chercheur$93031868 997 $aUNINA